| 000 | 00853nam a2200277 4500 | ||
|---|---|---|---|
| 003 | OSt | ||
| 005 | 20260530113859.0 | ||
| 008 | 260507b1966 |||ao||| |||| 001 0 eng d | ||
| 020 | _a0356033228 | ||
| 040 |
_aICI _bspa _cICI |
||
| 050 |
_aNK2115.B3 _bG68 |
||
| 100 | 1 |
_aGoulden, Gontran _932085 |
|
| 245 | 1 | 0 |
_aBathrooms: _bDesign Centre Publications |
| 264 | 1 |
_bDesign Council / The Design Centre _c1966 _aReino Unido |
|
| 300 | _a64 páginas | ||
| 336 |
_atexto _2rdacontent |
||
| 337 |
_asin medio _2rdamedia |
||
| 338 |
_avolumen _2rdacarrier |
||
| 650 |
_aBaños _xDiseño y construcción _932086 |
||
| 650 |
_aDiseño de interiores _919717 |
||
| 650 |
_aArquitectura residencial _932087 |
||
| 650 |
_aDecoración de interiores _96140 |
||
| 650 |
_aCuartos de baño _932088 |
||
| 650 |
_aDesign Centre Publications _932089 |
||
| 942 |
_2lcc _cBK _n1 |
||
| 999 |
_c11721 _d11721 |
||